000
00388nam a2200169Ia 4500
008
220531s9999 xx 000 0 und d
041
_a
eng
082
_b
VAS
100
_a
Vasudev, Parvathi
_9
34607
245
_a
India Speaks
260
_b
Macmillan
_c
1995
300
_a
134
542
_d
09-03-1997
650
_a
English
_9
34608
906
_d
1996-1997
999
_c
21314
_d
21314